Theory of applied robotics : kinematics, dynamics, and control (Record no. 11894)

000 -LEADER
fixed length control field 01504cam a22003377a 4500
001 - CONTROL NUMBER
control field 16166516
005 - DATE AND TIME OF LATEST TRANSACTION
control field 20170105102350.0
008 - FIXED-LENGTH DATA ELEMENTS--GENERAL INFORMATION
fixed length control field 100401s2010 nyua b 001 0 eng
010 ## - LIBRARY OF CONGRESS CONTROL NUMBER
LC control number 2010926033
015 ## - NATIONAL BIBLIOGRAPHY NUMBER
National bibliography number GBA9A9593
Source bnb
016 7# - NATIONAL BIBLIOGRAPHIC AGENCY CONTROL NUMBER
Record control number 015416012
Source Uk
020 ## - INTERNATIONAL STANDARD BOOK NUMBER
International Standard Book Number 9781441917492 (alk. paper)
020 ## - INTERNATIONAL STANDARD BOOK NUMBER
International Standard Book Number 1441917497 (alk. paper)
035 ## - SYSTEM CONTROL NUMBER
System control number (OCoLC)ocn465370325
040 ## - CATALOGING SOURCE
Original cataloging agency UKM
Transcribing agency UKM
Modifying agency YDXCP
-- BTCTA
-- CDX
-- MUU
-- IXA
-- VRC
-- SZR
-- DLC
042 ## - AUTHENTICATION CODE
Authentication code lccopycat
050 00 - LIBRARY OF CONGRESS CALL NUMBER
Classification number TJ211
Item number .J378 2010
082 04 - DEWEY DECIMAL CLASSIFICATION NUMBER
Classification number 629.892
Edition number 22
100 1# - MAIN ENTRY--PERSONAL NAME
Personal name Jazar, Reza N.
245 10 - TITLE STATEMENT
Title Theory of applied robotics : kinematics, dynamics, and control
Remainder of title kinematics, dynamics, and control
Statement of responsibility, etc. Reza N. Jazar.
250 ## - EDITION STATEMENT
Edition statement 2nd ed.
260 ## - PUBLICATION, DISTRIBUTION, ETC.
Place of publication, distribution, etc. New York :
Name of publisher, distributor, etc. Springer,
Date of publication, distribution, etc. c2010.
300 ## - PHYSICAL DESCRIPTION
Extent xxiii, 883 p. :
Other physical details ill. ;
Dimensions 24 cm.
504 ## - BIBLIOGRAPHY, ETC. NOTE
Bibliography, etc. note Includes bibliographical references and index.
505 0# - FORMATTED CONTENTS NOTE
Formatted contents note Introduction -- Rotation kinematics -- Orientation kinematics -- Motion kinematics -- Forward kinematics -- Inverse kinematics -- Angular velocity -- Velocity kinematics -- Numerical methods in kinematics -- Acceleration kinematics -- Motion dynamics -- Robot dynamics -- Path planning -- Time optimal control -- Control techniques.
650 #0 - SUBJECT ADDED ENTRY--TOPICAL TERM
Topical term or geographic name entry element Robotics.
650 #0 - SUBJECT ADDED ENTRY--TOPICAL TERM
Topical term or geographic name entry element Robotics
Form subdivision Problems, exercises, etc.
906 ## - LOCAL DATA ELEMENT F, LDF (RLIN)
a 7
b cbc
c copycat
d 2
e ncip
f 20
g y-gencatlg
942 ## - ADDED ENTRY ELEMENTS (KOHA)
Source of classification or shelving scheme
Koha item type Book
Holdings
Withdrawn status Lost status Damaged status Not for loan Collection code Permanent Location Current Location Shelving location Date acquired Source of acquisition Cost, normal purchase price Total Checkouts Total Renewals Full call number Barcode Date last seen Date last checked out Price effective from Koha item type
          Central Library (CL) Central Library (CL) General Stacks 06/01/2013 Progressive International Agencies 7773.82 2 1 629.892 JAZ SEECS012414 01/26/2026 09/27/2022 01/05/2017 Book
© 2023 Central Library, National University of Sciences and Technology. All Rights Reserved.